| 000 | 00570nam a2200181Ia 4500 | ||
|---|---|---|---|
| 008 | 090124s9999 xx 000 0 und d | ||
| 082 | _b112640 | ||
| 100 | _aबारी वि.चं. | ||
| 245 | _a गरिबाला पैसा हे भगवान | ||
| 250 | _a1 | ||
| 260 | _c1968 | ||
| 300 | _a104 | ||
| 600 | _aबारी वि.चं. | ||
| 630 | _a गरिबाला पैसा हे भगवान | ||
| 700 | _aबारी वि.चं. | ||
| 730 | _a गरिबाला पैसा हे भगवान | ||
| 942 | _cBOOK | ||
| 999 |
_c158731 _d158731 |
||